| 000 | 00000nam 2200000za 4500 |
| 001 | 9.674636 |
| 003 | CaOODSP |
| 005 | 20250319093207 |
| 007 | cr ||||||||||| |
| 008 | 150407|2008||||xxc|||||o f|0| 0 per d |
| 020 | |a978-0-662-03051-5 |
| 040 | |aCaOODSP|bfre |
| 043 | |an-cn--- |
| 086 | 1 |aH164-38/1-2007Per-PDF|zH164-38/1-2007Pe-PDF |
| 110 | 1 |aCanada. |bDirection générale des produits de santé et des aliments. |
| 245 | 10|a[Bien manger avec le guide alimentaire canadien] |h[ressource électronique]. |
| 250 | |a[Édition persan]. |
| 260 | |aOttawa - Ontario : |bSanté Canada. |cc2008. |
| 300 | |a2p.|bill. en couleur, tableaux |
| 500 | |aLe n° de catalogue (H164-38/1-2007Pe) et l'ISBN (978-0-662-03041-6) de l'édition imprimée ont été incorrectement copiés dans la version PDF. |
| 500 | |aPublié aussi en français sous le titre : Bien manger avec le guide alimentaire canadien. |
| 546 | |aTexte en persan. |
| 590 | |a12-24-Supp|b2012-05-30 |
| 691 | 07|aAlimentation|2gcpds |
| 775 | 08|tBien manger avec le guide alimentaire canadien [brochure] |w(CaOODSP)9.633400 |
| 776 | 0#|tCanada's food guide - Farsi (Persian) version |w(CaOODSP)9.669883 |
| 791 | |t[Eating well with Canada's food guide] |eeng|w(CaOODSP)9.674635 |
| 856 | 40|ahttp://publications.gc.ca|qPDF|s3876 Ko|uhttps://publications.gc.ca/collections/collection_2012/sc-hc/H164-38-1-2011-per.pdf |
| 986 | |aSC Pub. : 4840 |